| 000 | 01403cab a2200301 4500 | ||
|---|---|---|---|
| 001 | ##L136645 | ||
| 008 | 070213n2007 000 0 eng u | ||
| 035 | _a(Sirsi) u136645 | ||
| 041 | 0 | _aeng | |
| 100 | 1 | _aMurphy, Vince | |
| 245 | 0 | 0 | _aConstruction and demolition |
| 260 | _c2007 | ||
| 490 | 0 |
_aCIWM _bThe Journal for Waste and Resource Management Professionals _vFebruary 2007, 1-15(16) |
|
| 520 | _aA series of articles looking at aspects of construction and demolition. Covers: revisions to the Construction (Design and Management) Regulations; CIWM's Waste Awareness Certificate; the problem of land contaminated with Japanese knotweed; the role of construction and demolition in climate change; the Civil Engineering Quality Assessment and Aware Scheme; potential associated with waste plasterboard; Site Waste Management Plans; English Construction's comprehensive programme of waste minimisation; BioRegional Development Group's work towards re-use and sustainability; and the nationwide scheme Project NoWaste. | ||
| 590 | _aKA | ||
| 650 | 2 | 4 | _aJAPANESE KNOTWEED |
| 651 | 4 |
_aUnited Kingdom _y |
|
| 690 | _aWASTE MANAGEMENT | ||
| 690 | _aBUILT ENVIRONMENT | ||
| 700 | 1 | _aAmos, Helen | |
| 700 | 1 | _aWatson, Mike | |
| 700 | 1 | _aConnolly, Samantha | |
| 700 | 1 | _aHoward, Gemma | |
| 700 | 1 | _aPayne, Mike | |
| 700 | 1 | _aEssex, Jonathan | |
| 700 | 1 | _aKinsey, Andrew | |
| 942 | _n0 | ||
| 999 |
_c78389 _d78389 |
||